Olympischer Medaillenspiegel - Gewichtheben - Statistiken

Allgemein
  • Dieses Quiz wurde 37 mal gespielt
  • Das Durchschnittsergebnis liegt bei 11 aus 16
Antwortstatistiken
Gesamt Gold Silber Bronze Land % Korrekt
62 38 16 8 China
97%
20 6 7 7 Deutschland
97%
46 16 17 13 Vereinigte Staaten
97%
34 6 6 22 Polen
94%
15 2 3 10 Japan
92%
18 4 7 7 Russland
89%
15 9 3 3 Frankreich
83%
62 39 21 2 Sowjetunion
81%
17 5 5 7 Italien
78%
15 3 6 6 Südkorea
67%
37 12 17 8 Bulgarien
61%
20 2 9 9 Ungarn
58%
15 6 5 4 Griechenland
53%
20 9 6 5 Iran
39%
15 0 7 8 Indonesien
31%
18 5 8 5 Nordkorea
25%
Keine übereinstimmenden Quizze gefunden
Verteilung der Resultate
Anzahl Personen mit jedem Resultat
Perzentil nach korrekt beantworteten Fragen
Ihre Resultats-Entwicklung
Sie haben dieses Quiz noch nicht gespielt